Textbook of mechatronics: For engineering students of B.Tech/B.E. courses (Record no. 397115)

MARC details
000 -LEADER
fixed length control field 00558 a2200205 4500
005 - DATE & TIME
control field 20260412105422.0
008 - FIXED-LENGTH DATA ELEMENTS--GENERAL INFORMATION
fixed length control field 260410b |||||||| |||| 00| 0 eng d
020 ## - ISBN
International Standard Book Number 9788121928595
Price Rs. 799.00
040 ## - CATALOGING SOURCE
Original cataloging agency VIVEKANANDA LIBRARY
082 ## - DDC NUMBER
Classification number 621.3
Book Number R137T(4)
100 ## - MAIN ENTRY--PERSONAL NAME
Personal name Rajput, R K
245 ## - TITLE STATEMENT
Title Textbook of mechatronics: For engineering students of B.Tech/B.E. courses
250 ## - EDITION STATEMENT
Edition statement 4th
260 ## - PUBLICATION, DISTRIBUTION, ETC. (IMPRINT)
Name of publisher, distributor, etc S Chand
Date of publication, distribution, etc 2025
Place of publication, distribution, etc Noida
300 ## - PHYSICAL DESCRIPTION
Pages xx, 792
650 ## - Subject
Subject Engineering
650 ## - Subject
Subject Mechanical Engineering
650 ## - Subject
Subject Electrical Engineering
942 ## - ADDED ENTRY ELEMENTS (KOHA)
Koha item type Books
Holdings
Withdrawn status Lost status Source of classification or shelving scheme Damaged status Not for loan Location (home branch) Sublocation or collection (holding branch) Shelving location Date acquired Koha issues (times borrowed) Koha full call number Accession No. Koha date last seen Koha item type
    Dewey Decimal Classification     VIVEKANANDA LIBRARY VIVEKANANDA LIBRARY UIET Library 17/03/2026   621.3 R137T(4) 431137 17/03/2026 Books
    Dewey Decimal Classification     VIVEKANANDA LIBRARY VIVEKANANDA LIBRARY UIET Library 17/03/2026   621.3 R137T(4) 431138 17/03/2026 Books
© Designed and Maintained by Vivekananda Library, MDU Rohtak